000 00701nam a2200289Ia 4500
005 20260324131956.0
008 008 260324s9999 xx 000 0 eng d
020 _a9780203426746
037 _aEBOOK
040 _aCRL
040 _beng
040 _cCRL
041 _2eng
041 _aeng
084 _qCRL
100 _aJenny Wales; Paul Clarke
_91187561
245 0 _aLearning Citizenship
245 0 _bPractical Teaching Strategies for Secondary Schools
260 _bTaylor and Francis
260 _c2005
365 _a
365 _b205
856 _uhttp://www.taylorfrancis.com/books/9780203426746
942 _cEBOOK
999 _c1785200
_d1785200